|
|
|
|
| LEADER |
00727nab a2200181 i 4500 |
| 001 |
misc9617 |
| 005 |
20191106143435.0 |
| 008 |
170607s1916 hu o 0|| hun d |
| 022 |
|
|
|a 0025-0260
|
| 040 |
|
|
|a SZTE Miscellanea Repozitórium
|b hun
|
| 041 |
|
|
|a hun
|
| 100 |
1 |
|
|a Imre Lajos
|
| 245 |
1 |
2 |
|a A hadiárvák nevelésének kérdéséhez
|h [elektronikus dokumentum] /
|c Imre Lajos
|
| 260 |
|
|
|c 1916
|
| 300 |
|
|
|a 289-296
|
| 490 |
0 |
|
|a Magyar pedagógia : a Magyar Tudományos Akadémia Pedagógiai Bizottságának folyóirata
|v 25
|
| 695 |
|
|
|a Világháború 1. 1914-1918, Gyermekvédelem Magyarország hadiárvák 20. sz., Hadiárvák nevelése
|
| 856 |
4 |
0 |
|u http://misc.bibl.u-szeged.hu/9617/1/mp_1916_2373_289-296.pdf
|z Dokumentum-elérés
|